ბათუმის შოთა რუსთაველის სახელმწიფო უნივერსიტეტის ბიბლიოთეკა

სახელშეკრულებო სამართალი : (ბიბ.ჩანაწერი № 51399)

000 -ლიდერი
ფიქსირებული სიგრძის საკონტროლო ველი 01655nam a2200301Ia 4500
001 - საკონტროლო ნომერი
საკონტროლო ველი 18384
003 - საკონტროლო ნომრის იდენტიფიკატორი
საკონტროლო ველი GE_BSU
005 - ბოლო ოპერაციის თარიღი და დრო
საკონტროლო ველი 20211129101910.0
008 - ფიქსირებული სიგრძის მონაცემთა ელემენტები - ზოგადი ინფორმაცია
ფიქსირებული სიგრძის საკონტროლო ველი 181216s2014||||g |||||||||||||| ||geo||
020 ## - წიგნის საერთაშორისო სტანდარტული ნომერი
International Standard Book Number 9789941108303
040 ## - კატალოგიზაციის წყარო
Transcribing agency GE_BSU
041 ## - ენის კოდი
Language code of text/sound track or separate title geo
080 ## - უნივერსალური ათობითი კლასიფიკაციის ინდექსი
Universal Decimal Classification number 347.44(075.8) ს-36
245 ## - ცნობა სათაურის შესახებ
Title სახელშეკრულებო სამართალი :
Remainder of title სახელმძღვ. სამართლის სკოლებისთვის /
Statement of responsibility, etc [ავტ.: ზურაბ ძლიერიშვილი, გიორგი ცერცვაძე, ირაკლი რობაქიძე [და სხვ.]] ; რედ. გიორგი ჯუღელი.
264 ## - წარმოების, გამოცემის, დისტრიბუციის და სხვა ცნობები
გამოცემის, წარმოების, დისტრიბუციის... ადგილი თბილისი :
გამოცემის, წარმოების, დისტრიბუციის... სახელწოდება მერიდიანი,
გამოცემის, წარმოების, დისტრიბუციის... თარიღი 2014.
300 ## - ფიზიკური აღწერა
Extent 760 გვ.;
Other physical details 24 სმ.
504 ## - BIBLIOGRAPHY, ETC. NOTE
Bibliography, etc ბიბლიოგრ. ტექსტის შენიშვნებში
653 ## - INDEX TERM--UNCONTROLLED
Uncontrolled term სახელშეკრულებო სამართალი
700 ## - ADDED ENTRY--PERSONAL NAME
Personal name ძლიერიშვილი, ზურაბ
Relator term ავტორი
9 (RLIN) 8152
700 ## - ADDED ENTRY--PERSONAL NAME
Personal name ცერცვაძე, გიორგი
Relator term ავტორი
9 (RLIN) 448
700 ## - ADDED ENTRY--PERSONAL NAME
Personal name რობაქიძე, ირაკლი
Relator term ავტორი
9 (RLIN) 13087
700 ## - ADDED ENTRY--PERSONAL NAME
Personal name სვანაძე, გიორგი
Relator term ავტორი
9 (RLIN) 13088
700 ## - ADDED ENTRY--PERSONAL NAME
Personal name ცერცვაძე, ლაშა
Relator term ავტორი
9 (RLIN) 9307
700 ## - ADDED ENTRY--PERSONAL NAME
Personal name ჯანაშია, ლევან
Relator term ავტორი
9 (RLIN) 13089
700 ## - ADDED ENTRY--PERSONAL NAME
Personal name ჯუღელი, გიორგი
Relator term რედაქტორი
9 (RLIN) 13090
942 ## - ADDED ENTRY ELEMENTS (KOHA)
Koha item type წიგნი
Source of classification or shelving scheme
ეგზემპლარები
ჩამოწერის სტატუსი დაკარგული ეგზემპლარის სტატუსი კლასიფიკაციის წყარო ან თაროზე გაწყობის სქემა დაზიანების სტატუსი არ გაიცემა მუდმივი მდებარეობა (დაცვის ადგილი) ამჟამინდელი ადგილსამყოფელი თაროზე განთავსების ადგილი შეძენის თარიღი ღირებულება, შესყიდვის ნორმალური ფასი სრული შენახვის შიფრი შტრიხკოდი ბოლო ოპერაციის თარიღი ეგზემპლარის მიმდევრობითი ნომერი (კეტერი?) ფასის ძალაში შესვლის თარიღი ეგზემპლარის სახეობა საჯარო შენიშვნა
          ბათუმის შოთა რუსთაველის სახელმწიფო უნივერსიტეტის მთავარი ბიბლიოთეკა ბათუმის შოთა რუსთაველის სახელმწიფო უნივერსიტეტის მთავარი ბიბლიოთეკა წიგნსაცავი 2018-12-17 28.00 347.44(075.8) ს-36 46986 2018-12-17 46986 2018-12-17 წიგნი 28 ლ.
          ბათუმის შოთა რუსთაველის სახელმწიფო უნივერსიტეტის მთავარი ბიბლიოთეკა ბათუმის შოთა რუსთაველის სახელმწიფო უნივერსიტეტის მთავარი ბიბლიოთეკა წიგნსაცავი 2018-12-17 28.00 347.44(075.8) ს-36 46987 2018-12-17 46987 2018-12-17 წიგნი 28 ლ.
          ბათუმის შოთა რუსთაველის სახელმწიფო უნივერსიტეტის მთავარი ბიბლიოთეკა ბათუმის შოთა რუსთაველის სახელმწიფო უნივერსიტეტის მთავარი ბიბლიოთეკა წიგნსაცავი 2018-12-17 28.00 347.44(075.8) ს-36 46988 2018-12-17 46988 2018-12-17 წიგნი 28 ლ.
          ბათუმის შოთა რუსთაველის სახელმწიფო უნივერსიტეტის მთავარი ბიბლიოთეკა ბათუმის შოთა რუსთაველის სახელმწიფო უნივერსიტეტის მთავარი ბიბლიოთეკა წიგნსაცავი 2018-12-17 28.00 347.44(075.8) ს-36 46989 2018-12-17 46989 2018-12-17 წიგნი 28 ლ.
          ბათუმის შოთა რუსთაველის სახელმწიფო უნივერსიტეტის მთავარი ბიბლიოთეკა ბათუმის შოთა რუსთაველის სახელმწიფო უნივერსიტეტის მთავარი ბიბლიოთეკა წიგნსაცავი 2018-12-17 28.00 347.44(075.8) ს-36 46990 2018-12-17 46990 2018-12-17 წიგნი 28 ლ.